|
|
|
|
| LEADER |
01548nab#a2200433#ar4500 |
| 001 |
000128014 |
| 003 |
SVKKK |
| 005 |
20220525110603.0 |
| 008 |
131126d1917 xo |||||||||||||||b|hun |
| FMT |
|
|
|
| 038 |
|
|
|a SVKKK
|
| 040 |
|
|
|a SVKKK
|b slo
|e AACR2
|
| 041 |
0 |
|
|a hun
|
| 044 |
|
|
|a xo
|c SK
|
| 080 |
|
|
|a 929
|2 2011
|
| 080 |
|
|
|a 929.7
|2 2011
|
| 080 |
|
|
|a 347.962
|2 2011
|
| 242 |
1 |
0 |
|a Nobilitácia s predikátom "szepeshelyi"
|
| 245 |
1 |
0 |
|a Nemesités "szepeshelyi" előnévvel
|
| 520 |
3 |
|
|a Ako uznanie za vynikajúce zásluhy ohľadom rokovaní o novej hospodárskej zmluve s Rakúskom bol uhorský dvorský radca Dr. František (Ferenc) Hutyra, rektor Uhorskej kráľovskej zverolekárskej akadémie, rodák zo Spišského Podhradia povýšený do šľachtického stavu s predikátom szepeshelyi.
|
| 545 |
|
|
|a Különfélék
|
| 600 |
1 |
4 |
|a Hutyra, František Andrej
|c MVDr.
|c szepeshelyi
|d 1860-1934
|x pedagóg
|x vedec
|x veterinárny lekár
|y 1917
|z Spišské Podhradie (Slovensko)
|z Budapešť (Maďarsko)
|
| 648 |
0 |
4 |
|a 1917
|
| 650 |
0 |
4 |
|a šľachta
|
| 650 |
0 |
4 |
|a tituly
|
| 650 |
0 |
4 |
|a nobilitácie
|
| 650 |
0 |
4 |
|a veterinárni lekári
|
| 650 |
0 |
4 |
|a zverolekári
|
| 651 |
|
4 |
|a Spišské Podhradie (Slovensko)
|
| 651 |
|
4 |
|a Budapešť (Maďarsko)
|
| 655 |
|
4 |
|a hungariká
|
| 773 |
0 |
|
|t Szepesi Lapok : Politikai És Tátrai Ujság
|g Roč. XXXIII, č. 70 (21.6.1917), s. 3
|
| 958 |
|
|
|a HU
|
| 974 |
|
|
|a vsz
|
| 992 |
|
|
|a RBX
|
| 997 |
|
|
|a Hutyra, Ferenc p. Hutyra, František Andrej
|
| BAS |
|
|
|
| 852 |
|
|
|a SVKKK
|b BIB
|
| 998 |
|
|
|a RETRO
|